000 00766nam a22002411i 4500
001 18690
003 ES-MaACL
007 t|
008 020228s1978 sp ||||0| spa j
016 7 _zIND2000928512
020 _a84-500-2726-8
040 _aM-BN
_bspa
_cCDM
080 _a860(729.1) Carpentier, Alejo 1.06
100 1 _aVila Selma, José.
_9114738
245 1 3 _aEl "último" Carpentier /
_c[por] José Vila Selma.
260 _aLas Palmas :
_bExcma. Mancomunidad de Cabildos, Plan Cultural,
_c1978.
300 _a151 p ;
_c24 cm.
490 1 _aColección Literatura
600 1 4 _aCarpentier, Alejo-
_xCrítica e interpretación.
_935443
830 0 _aColección Literatura
_9180511
852 _aES-MaACL
_jG-4658
_bR.130991
999 _c18690
_d18690